Provinces of Belgium - Sudden Death - Statistics

General Stats
  • This quiz has been taken 47 times
  • The average score is 6 of 10
Answers on the Grid
Answers color-coded by a green-red scale on the quiz's grid according to % correct below.
Redange
Drenthe
Flemish Brabant
Saarland
Walloon Brabant
Liege
Central Flanders
Capellen
Limburg
Clervaux
Silesia
Antwerp
West Flanders
Hainaut
Groningen
East Flanders
Namur
Northern Brabant
Vorarlberg
Luxembourg
 
Answer Stats
Answer % Correct
Flemish Brabant
76%
Walloon Brabant
76%
Liege
64%
West Flanders
60%
Antwerp
56%
Namur
56%
Hainaut
52%
Limburg
52%
Luxembourg
52%
East Flanders
48%
No matching quizzes found
Score Distribution
Percent of People with Each Score
Percentile by Number Answered
Your Score History
You have not taken this quiz